| 000 | 02109nam a2200493Ia 4500 | ||
|---|---|---|---|
| 001 | dia_3188 | ||
| 003 | CHAP | ||
| 005 | 20240223181327.0 | ||
| 007 | ta | ||
| 008 | 220117s2003 mx bdo fr 001 0 spa d | ||
| 040 |
_cCHAP _amxchpua |
||
| 090 |
_aT.C.369 _bS83 IAI _c2003 |
||
| 245 | 1 | 0 |
_aReporte del viaje de estudio al norte de Nayarit y sur de Sinaloa / _ccoordinador Carlos Suárez Espinosa ; colaboradores Violeta Carrasco Hernández...[et al.] |
| 260 |
_aMéxico : _bEl autor, _c2003 |
||
| 300 |
_a100 hojas : _bmapas, gráficas, diagramas, tablas, fotos |
||
| 336 |
_2rdacontent _atexto _btxt |
||
| 337 |
_2rdamedia _asin medio _bn |
||
| 338 |
_2rdacarrier _avolumen _bnc |
||
| 500 | _a5° año Grupo 3 | ||
| 502 |
_aViaje de Estudios _b(IAI) -- _cUACh. Departamento de Ingeniería Agroindustrial, _d2003 |
||
| 504 | _aBibliografía: hoja 100 | ||
| 505 | _tIndustrias visitadas: -- 1. Cervecera Pacífico -- 2. TADESA -- 3. MASECA -- 4. Ingenio El Molino, S. A. -- 5. Rancho Las Cabras, S. A. de C. V. -- 6. Empresa Triple Eight -- 7. Productos Rivera de Escuinapa , Mangos Orgánicos Deshidratados -- 8. Empacadora de mango -- 9. Empacadora ARIVANIA -- 10. Granja camaronera | ||
| 650 | 1 | 3 |
_aIndustria agrícola _9151356 _zMéxico _zNayarit |
| 650 | 1 | 3 |
_aIndustria agrícola _9154269 _zMéxico _zSinaloa |
| 650 | 1 | 3 |
_aIndustria cervecera _957799 |
| 650 | 1 | 3 |
_aIndustria molinera _9157045 |
| 650 | 1 | 3 |
_aCamarones _9142444 |
| 650 | 1 | 3 |
_aMangos _9148235 |
| 650 | 1 | 3 |
_aAgricultural industry _9151354 _zMéxico _zNayarit |
| 650 | 1 | 3 |
_aAgricultural industry _9152904 _zMexico _zSinaloa |
| 650 | 1 | 3 |
_aBrewing industry _9151423 |
| 650 | 1 | 3 |
_aShrimp _9157069 |
| 650 | 1 | 3 |
_aMangoes _9148234 |
| 650 | 1 | 3 |
_aMilling industry _9157318 |
| 700 | 1 |
_aSuárez Espinosa, Carlos _9151362 _ecoordinador |
|
| 700 | 1 |
_aCarrasco Hernández, Violeta _919348 _ecolaboradora |
|
| 901 | _aT.C.369 S83 IAI 2003 | ||
| 902 | _aM | ||
| 905 | _a5232272003 mx dnmb8223123322spa16 | ||
| 942 | _2local | ||
| 942 | _cVE | ||
| 999 |
_c173686 _d173686 |
||